Anuari estadístic de Manresa 2003
Descripción Física:
446 p. : gràf., taules ; 30 cm
Otros Autores:
Pacte Territorial del Bages
MARC
| LEADER | 00000nam a2200000Ia 4500 | ||
|---|---|---|---|
| 001 | 24189 | ||
| 008 | 160829s2009 xx 000 0 cat d | ||
| 080 | |a Bib-186 | ||
| 245 | |a Anuari estadístic de Manresa 2003 | ||
| 260 | |a Manresa : |b Ajuntament de Manresa. Servei de Desenvolupament, |c 2009 | ||
| 300 | |a 446 p. : |b gràf., taules ; |c 30 cm | ||
| 590 | |a En la contracoberta: amb la col·laboració de Pacte Territorial del Bages, Diputació de Barcelona, Servei d'Ocupació de Catalunya, Fons Social Europeu | ||
| 650 | |a Manresa |x Estadístiques |x Revistes |9 49380 | ||
| 650 | |a Manresa |x Condicions econòmiques |x Revistes |9 49381 | ||
| 650 | |a Manresa |x Condicions socials |x Revistes |9 49382 | ||
| 700 | |a Pacte Territorial del Bages |9 49383 | ||
| 710 | 1 | |a Manresa (Catalunya). |b Ajuntament |9 51573 | |
| 710 | 2 | |a Servei d'Ocupació de Catalunya |9 51331 | |
| 710 | 1 | |a Barcelona (Catalunya : Província). |b Diputació |9 52408 | |
| 710 | 2 | |a Fons Social Europeu |9 7014 | |
| 901 | |a Arxiu | ||
| 942 | |n 1 | ||
| 952 | |0 0 |1 0 |4 0 |6 BIB186 |7 1 |9 55297 |a Arxiu |b Arxiu |d 2016-12-01 |l 0 |o Bib-186 |p 24189 |r 2016-12-01 00:00:00 |w 2016-12-01 |y ARXIU | ||
| 999 | |c 59170 |d 59170 | ||